Gap and density theorems /
Guardado en:
| Autor Principal: | |
|---|---|
| Otros Autores: | |
| Formato: | Libro |
| Idioma: | English |
| Publicado: |
New York :
American Mathematical Society,
1940
|
| Series: | Colloquium publications (American Mathematical Society) ;
v. 26. |
| Etiquetas: |
Agregar Etiqueta
Sin Etiquetas, Sea el primero en etiquetar este registro!
|
| LEADER | 00940cam a22002055 4500 | ||
|---|---|---|---|
| 001 | MAT.inmabb001769 | ||
| 008 | 740227s1940####nyua##########000#0#eng#d | ||
| 005 | 20170824145040.0 | ||
| 245 | 1 | 0 | |a Gap and density theorems / |c by Norman Levinson. |
| 260 | |a New York : |b American Mathematical Society, |c 1940 |g (repr. 1968) | ||
| 300 | |a viii, 246 p. : |b diagrs. ; |c 26 cm. | ||
| 490 | 1 | |a Colloquium publications ; |v v. 26 | |
| 500 | |a "In many respects a companion volume" to Paley, R. E. A. C., and Wiener, N.: Fourier transforms in the complex domain, 1934 (American Mathematical Society Colloquium publications ; vol. 19) | ||
| 510 | 4 | |a MR, |c MR0003208 | |
| 100 | 1 | |a Levinson, Norman, |d 1912- | |
| 700 | 1 | |a Paley, Raymond E. A. C. |t Fourier transforms in the complex domain. | |
| 830 | 0 | |a Colloquium publications (American Mathematical Society) ; |v v. 26. | |
| 084 | |a 30-XX |a 27.0X |2 msc2000 | ||
| 010 | |a 41006147 | ||
| 859 | |h 30 |i L665g |p A-3134 |b BIB. MATEMATICA | ||
